<?xml version="1.0" encoding="UTF-8"?>
<record
    xmlns:xsi="http://www.w3.org/2001/XMLSchema-instance"
    xsi:schemaLocation="http://www.loc.gov/MARC21/slim http://www.loc.gov/standards/marcxml/schema/MARC21slim.xsd"
    xmlns="http://www.loc.gov/MARC21/slim">

  <leader>01644nam a22001577a 4500</leader>
  <controlfield tag="008">120808t        xxu||||| |||| 00| 0 eng d</controlfield>
  <datafield tag="020" ind1=" " ind2=" ">
    <subfield code="a">3540780440</subfield>
  </datafield>
  <datafield tag="050" ind1=" " ind2=" ">
    <subfield code="a">QA9.G358</subfield>
  </datafield>
  <datafield tag="100" ind1=" " ind2=" ">
    <subfield code="a">Gerstein, Larry J.</subfield>
  </datafield>
  <datafield tag="245" ind1=" " ind2=" ">
    <subfield code="a">Introduction to mathematical structures and profits. /</subfield>
    <subfield code="c">Larry J. Gertein</subfield>
  </datafield>
  <datafield tag="260" ind1=" " ind2=" ">
    <subfield code="a">New York:</subfield>
    <subfield code="b">Jones and Barlett Publishers,</subfield>
    <subfield code="c">1996.</subfield>
  </datafield>
  <datafield tag="300" ind1=" " ind2=" ">
    <subfield code="a">x, 350 p.:</subfield>
    <subfield code="b">ill.;</subfield>
    <subfield code="c">24cm.</subfield>
  </datafield>
  <datafield tag="505" ind1=" " ind2=" ">
    <subfield code="a">Contents: Logic: Statements, propositions and theorems -- Logical connectives and truth tables -- Conditional statements -- Proofs: structures and strategies -- Logical equivalence -- Applications: A Brief introduction to switching circuits -- Sets: Fundamentals -- Russell's paradox -- Quantifiers -- Set inclusion -- Union, intersection and complement -- Indexed sets -- The Power set -- Ordered pairs and cartesian products -- Set decomposition: partitions and relations -- Mathematical induction and recursion -- Functions: Definitions and examples -- Surjections, injections, bijections, sequences -- Composition of functions -- Finite and Infinite sets: Cardinality: Fundamental counting principles -- Comparing sets, finite or infinite -- uncountable sets -- More on infinity -- Languages and finite automata -- Permutations and Combinations: Combinatorial problems -- The Addition and product rules -- Introduction to permutations -- Permutations and geometric symmetry -- Decomposition into cycles -- Computing the order of a permutation; A Card - Shuffling example -- Odd and even permutations; Applications to configurations -- Binomial and multinomial coefficients</subfield>
  </datafield>
  <datafield tag="650" ind1=" " ind2=" ">
    <subfield code="a">Mathematical structures</subfield>
  </datafield>
  <datafield tag="942" ind1=" " ind2=" ">
    <subfield code="2">lcc</subfield>
    <subfield code="c">BK</subfield>
  </datafield>
  <datafield tag="999" ind1=" " ind2=" ">
    <subfield code="c">1961</subfield>
    <subfield code="d">9461</subfield>
  </datafield>
  <datafield tag="952" ind1=" " ind2=" ">
    <subfield code="0">0</subfield>
    <subfield code="1">0</subfield>
    <subfield code="2">lcc</subfield>
    <subfield code="4">0</subfield>
    <subfield code="7">0</subfield>
    <subfield code="a">WIUC-1</subfield>
    <subfield code="b">WIUC-1</subfield>
    <subfield code="c">GEN</subfield>
    <subfield code="d">2012-08-08</subfield>
    <subfield code="l">0</subfield>
    <subfield code="o">QA9.G358</subfield>
    <subfield code="p">4994/12</subfield>
    <subfield code="r">2012-08-08 00:00:00</subfield>
    <subfield code="t">1</subfield>
    <subfield code="w">2012-08-08</subfield>
    <subfield code="y">BK</subfield>
  </datafield>
  <datafield tag="952" ind1=" " ind2=" ">
    <subfield code="0">0</subfield>
    <subfield code="1">0</subfield>
    <subfield code="2">lcc</subfield>
    <subfield code="4">0</subfield>
    <subfield code="7">0</subfield>
    <subfield code="a">WIUC-1</subfield>
    <subfield code="b">WIUC-1</subfield>
    <subfield code="c">GEN</subfield>
    <subfield code="d">2012-08-08</subfield>
    <subfield code="l">0</subfield>
    <subfield code="o">QA9.G3581</subfield>
    <subfield code="p">4995/12</subfield>
    <subfield code="r">2012-08-08 00:00:00</subfield>
    <subfield code="t">2</subfield>
    <subfield code="w">2012-08-08</subfield>
    <subfield code="y">BK</subfield>
  </datafield>
  <datafield tag="952" ind1=" " ind2=" ">
    <subfield code="0">0</subfield>
    <subfield code="1">0</subfield>
    <subfield code="2">lcc</subfield>
    <subfield code="4">0</subfield>
    <subfield code="7">0</subfield>
    <subfield code="a">WIUC-1</subfield>
    <subfield code="b">WIUC-1</subfield>
    <subfield code="c">GEN</subfield>
    <subfield code="d">2012-08-08</subfield>
    <subfield code="l">0</subfield>
    <subfield code="o">QA9.G3582</subfield>
    <subfield code="p">4996/12</subfield>
    <subfield code="r">2012-08-08 00:00:00</subfield>
    <subfield code="t">3</subfield>
    <subfield code="w">2012-08-08</subfield>
    <subfield code="y">BK</subfield>
  </datafield>
  <datafield tag="952" ind1=" " ind2=" ">
    <subfield code="0">0</subfield>
    <subfield code="1">0</subfield>
    <subfield code="2">lcc</subfield>
    <subfield code="4">0</subfield>
    <subfield code="7">0</subfield>
    <subfield code="a">WIUC-1</subfield>
    <subfield code="b">WIUC-1</subfield>
    <subfield code="c">GEN</subfield>
    <subfield code="d">2012-08-08</subfield>
    <subfield code="l">0</subfield>
    <subfield code="o">QA9.G3583</subfield>
    <subfield code="p">4997/12</subfield>
    <subfield code="r">2012-08-08 00:00:00</subfield>
    <subfield code="t">4</subfield>
    <subfield code="w">2012-08-08</subfield>
    <subfield code="y">BK</subfield>
  </datafield>
</record>
